Повышение работоспособности асинхронного электропривода с волновым редуктором при низких температурах окружающей среды; Известия вузов. Электромеханика; № 4
| Parent link: | Известия вузов. Электромеханика/ Южно-Российский государственный технический университет (Новочеркасский политехнический институт) (ЮРГТУ (НПИ)).— , 1958- № 4.— 2013.— [С. 27-31] |
|---|---|
| Main Author: | |
| Corporate Author: | |
| Other Authors: | , |
| Summary: | Заглавие с экрана Рассмотрено влияние отрицательной температуры окружающей среды на параметры асинхронного электропривода с волновым редуктором. Предложен алгоритм сигнальной адаптации электромагнитного момента асинхронного двигателя к изменяющимся механическим потерям в редукторе. Даны рекомендации по улучшению динамических характеристик электропривода при низких температурах окружающей среды. The influence of negative temperature of environment on parameters of asynchronous electric drive is considered. The algorithm of signal adaptation of the electromagnetic torque of electric drive to changing mechanical losses in the reducer is proposed. The recommendations for improving the dynamic characteristics of the electric drive at low ambient temperatures are given. Режим доступа: по договору с организацией-держателем ресурса |
| Language: | Russian |
| Published: |
2013
|
| Subjects: | |
| Online Access: | http://elibrary.ru/item.asp?id=20202174 |
| Format: | MixedMaterials Electronic Book Chapter |
| KOHA link: | https://koha.lib.tpu.ru/cgi-bin/koha/opac-detail.pl?biblionumber=644858 |
MARC
| LEADER | 00000nla0a2200000 4500 | ||
|---|---|---|---|
| 001 | 644858 | ||
| 005 | 20250318144454.0 | ||
| 035 | |a (RuTPU)RU\TPU\network\9942 | ||
| 035 | |a RU\TPU\network\9081 | ||
| 090 | |a 644858 | ||
| 100 | |a 20151202d2013 k||y0rusy50 ca | ||
| 101 | 0 | |a rus | |
| 102 | |a RU | ||
| 135 | |a drcn ---uucaa | ||
| 181 | 0 | |a i | |
| 182 | 0 | |a b | |
| 200 | 1 | |a Повышение работоспособности асинхронного электропривода с волновым редуктором при низких температурах окружающей среды |f В. Г. Букреев, Б. Г. Хохряков, А. О. Смирнов | |
| 203 | |a Текст |c электронный | ||
| 300 | |a Заглавие с экрана | ||
| 320 | |a [Библиогр.: с. 31 (5 назв.)] | ||
| 330 | |a Рассмотрено влияние отрицательной температуры окружающей среды на параметры асинхронного электропривода с волновым редуктором. Предложен алгоритм сигнальной адаптации электромагнитного момента асинхронного двигателя к изменяющимся механическим потерям в редукторе. Даны рекомендации по улучшению динамических характеристик электропривода при низких температурах окружающей среды. | ||
| 330 | |a The influence of negative temperature of environment on parameters of asynchronous electric drive is considered. The algorithm of signal adaptation of the electromagnetic torque of electric drive to changing mechanical losses in the reducer is proposed. The recommendations for improving the dynamic characteristics of the electric drive at low ambient temperatures are given. | ||
| 333 | |a Режим доступа: по договору с организацией-держателем ресурса | ||
| 461 | |t Известия вузов. Электромеханика |f Южно-Российский государственный технический университет (Новочеркасский политехнический институт) (ЮРГТУ (НПИ)) |d 1958- | ||
| 463 | |t № 4 |v [С. 27-31] |d 2013 | ||
| 610 | 1 | |a электронный ресурс | |
| 610 | 1 | |a труды учёных ТПУ | |
| 610 | 1 | |a асинхронные электроприводы | |
| 610 | 1 | |a волновые редукторы | |
| 610 | 1 | |a низкие температуры | |
| 610 | 1 | |a сигнальная адаптация | |
| 700 | 1 | |a Букреев |b В. Г. |c специалист в области электротехники |c профессор Томского политехнического университета, доктор технических наук |f 1952- |g Виктор Григорьевич |3 (RuTPU)RU\TPU\pers\26527 |9 12221 | |
| 701 | 1 | |a Хохряков |b Б. Г. | |
| 701 | 1 | |a Смирнов |b А. О. |c специалист в области электротехники |c аспирант Томского политехнического университета |f 1984- |g Александр Олегович |3 (RuTPU)RU\TPU\pers\25906 | |
| 712 | 0 | 2 | |a Национальный исследовательский Томский политехнический университет (ТПУ) |b Энергетический институт (ЭНИН) |b Кафедра электропривода и электрооборудования (ЭПЭО) |3 (RuTPU)RU\TPU\col\18674 |
| 801 | 2 | |a RU |b 63413507 |c 20151202 |g RCR | |
| 856 | 4 | |u http://elibrary.ru/item.asp?id=20202174 | |
| 942 | |c CF | ||